000 00654cab a2200205 4500
001 ABS41216
008 090401t1989 xxu||||| |||| 00| 0 eng d
035 _a(Sirsi) u28881
041 _aeng
100 _aSheehan, A.
245 4 _aThe homeless get a bed in the office
260 _c1989
350 _a0
490 _aBuilding Today
_v198(5819) 17 August 1989, 21-23(3)
520 _aAn example of a conversion project, initiated by a housing association and funded by the private sector , providing flats out of an office block for homeless people.
650 _aFUNDING
690 _aRefurbishment
_96264
942 _n0
948 _c04/03/1997
999 _c19430
_d19430